Statistics for Movie Quotes by Picture #2

Click here to take the quiz!

General Stats

  • This quiz has been taken 854 times
  • The average score is 12 of 20

Answer Stats

HintAnswer% Correct
Quote“Houston, {we} {have} {a} {problem}.”
94%
Quote“Hasta {la} {vista} {Baby}.”
93%
Quote“Say Hello to {my} {Little} {Friend}!”
82%
Quote“A medium dry Vodka Martini, lemon peel.
{Shaken}, {not} {stirred}.”
73%
Quote“Frankly My Dear, {I} {don't} {give} {a} {damn}.”
73%
Quote“Help Me Obi-Wan Kenobi,
You’re {my} {only} {hope}.”
73%
MovieStar Wars Episode IV - A New Hope
72%
Quote“He turns to me, heh, and he says:
Why {so} {serious}?”
67%
MovieThe Dark Knight
66%
MoviePulp Fiction
63%
MovieApollo 13
62%
Movie300
61%
MovieScarface
57%
MovieTerminator 2 : Judgment Day
56%
MovieGone with the Wind
53%
MoviePsycho
45%
MovieDr. No
40%
Quote“Ready your breakfast and eat hearty...
For tonight, {we} {dine} {in} {Hell}!”
29%
Quote“We all go a little {mad} {sometimes}”
26%
Quote“And I will strike down upon thee
With {great} {vengeance} {and} {furious} {anger}.”
16%

Score Distribution

Percentile by Number Answered

Percent of People with Each Score

Your Score History

You have not taken this quiz